000
00299nam a2200097Ia 4500
082
_a
657|ABOU
245
0
_a
About financial accounting. volume 2
100
_a
Jansen van Rensburg, J. S. Durban [South Africa], 2011 4th ed
_9
60437
942
_c
BK
008
210817s9999 xx 000 0 und d
999
_c
190013
_d
190009